AutoCADĀ® 2000 for architecture/ (Record no. 9669)

MARC details
000 -LEADER
fixed length control field 00799nam a22002417a 4500
003 - CONTROL NUMBER IDENTIFIER
control field OSt
005 - DATE AND TIME OF LATEST TRANSACTION
control field 20260422044830.0
008 - FIXED-LENGTH DATA ELEMENTS--GENERAL INFORMATION
fixed length control field 260422b |||||||| |||| 00| 0 eng d
020 ## - INTERNATIONAL STANDARD BOOK NUMBER
International Standard Book Number 981-240-131-8
040 ## - CATALOGING SOURCE
Original cataloging agency DWC-Main lib
Transcribing agency OC
082 ## - DEWEY DECIMAL CLASSIFICATION NUMBER
Edition number 2000 edition
Classification number Circ. 720.2840 J45a 2000
100 ## - MAIN ENTRY--PERSONAL NAME
Personal name Jefferis, Alan
245 ## - TITLE STATEMENT
Title AutoCADĀ® 2000 for architecture/
Statement of responsibility, etc. Alan Jefferis
260 ## - PUBLICATION, DISTRIBUTION, ETC.
Place of publication, distribution, etc. Singapore :
Name of publisher, distributor, etc. Thomson Learning,
Date of publication, distribution, etc. c2000.
300 ## - PHYSICAL DESCRIPTION
Extent xxvi, 1016 pages ;
Dimensions 25 cm.
504 ## - BIBLIOGRAPHY, ETC. NOTE
Bibliography, etc. note Includes index.
650 ## - SUBJECT ADDED ENTRY--TOPICAL TERM
Topical term or geographic name entry element 1. AutoCAD.
650 ## - SUBJECT ADDED ENTRY--TOPICAL TERM
Topical term or geographic name entry element 2. Architectural drawing--Data processing--Programmed instruction.
650 ## - SUBJECT ADDED ENTRY--TOPICAL TERM
Topical term or geographic name entry element 3. Computer-aided design--Programmed instruction.
700 ## - ADDED ENTRY--PERSONAL NAME
Personal name Jones, Michael
700 ## - ADDED ENTRY--PERSONAL NAME
Dates associated with a name Jefferis, Tereassa
942 ## - ADDED ENTRY ELEMENTS (KOHA)
Source of classification or shelving scheme Dewey Decimal Classification
Koha item type Book Circulation
Edition 2000 ed.
Classification part Circ.
Suppress in OPAC No
952 ## - LOCATION AND ITEM INFORMATION (KOHA)
--
Holdings
Withdrawn status Lost status Source of classification or shelving scheme Damaged status Not for loan Home library Current library Shelving location Date acquired Cost, normal purchase price Total Checkouts Full call number Barcode Date last seen Copy number Price effective from Koha item type Uniform Resource Identifier
    Dewey Decimal Classification     College Library College Library Circulation 08/23/2002 0.00   Circ. 720.2840 J45a 2000 CL35861 04/22/2026 c1 04/22/2026 BK-CIRC